Ethics : Theory and contemporary issues

Contents: Ethics and ethical reasoning; Ethical relativism; Egoism; Utilitarianism; Kant's moral theory; Natural law and natural rights; Virtue ethics...

שמור ב:
מידע ביבליוגרפי
מחבר ראשי: MacKinnon, Barbara
פורמט: ספר
שפה:Undetermined
יצא לאור: Belmont, Calif. Wadsworth Pub. Co. 1995
נושאים:
תגים: הוספת תג
אין תגיות, היה/י הראשונ/ה לתייג את הרשומה!
Thư viện lưu trữ: Trung tâm Học liệu Trường Đại học Cần Thơ
LEADER 00692nam a2200205Ia 4500
001 CTU_186870
008 210402s9999 xx 000 0 und d
082 |a 170 
082 |b M158 
100 |a MacKinnon, Barbara 
245 0 |a Ethics : 
245 0 |b Theory and contemporary issues 
245 0 |c Barbara MacKinnon 
260 |a Belmont, Calif. 
260 |b Wadsworth Pub. Co. 
260 |c 1995 
520 |a Contents: Ethics and ethical reasoning; Ethical relativism; Egoism; Utilitarianism; Kant's moral theory; Natural law and natural rights; Virtue ethics... 
650 |a Ethics,Đạo đức học 
904 |i Giang 
980 |a Trung tâm Học liệu Trường Đại học Cần Thơ